| 000 -LEADER |
| fixed length control field |
01492cam a2200337 a 4500 |
| 001 - CONTROL NUMBER |
| control field |
13221131 |
| 003 - CONTROL NUMBER IDENTIFIER |
| control field |
Nust |
| 005 - DATE AND TIME OF LATEST TRANSACTION |
| control field |
20170317105341.0 |
| 008 - FIXED-LENGTH DATA ELEMENTS--GENERAL INFORMATION |
| fixed length control field |
030602s2003 enk b 001 0 eng |
| 010 ## - LIBRARY OF CONGRESS CONTROL NUMBER |
| LC control number |
2003269841 |
| 020 ## - INTERNATIONAL STANDARD BOOK NUMBER |
| International Standard Book Number |
9780140449280 |
| 040 ## - CATALOGING SOURCE |
| Original cataloging agency |
DLC |
| Transcribing agency |
DLC |
| Modifying agency |
DLC |
| 041 1# - LANGUAGE CODE |
| Language code of text/sound track or separate title |
eng |
| Language code of original |
grc |
| 050 00 - LIBRARY OF CONGRESS CALL NUMBER |
| Classification number |
B358 |
| Item number |
.T7 2003 |
| 082 00 - DEWEY DECIMAL CLASSIFICATION NUMBER |
| Classification number |
184 |
| Author Mark |
PLA |
| 100 0# - MAIN ENTRY--PERSONAL NAME |
| Personal name |
Plato. |
| 240 10 - UNIFORM TITLE |
| Uniform title |
Dialogues. |
| Form subheading |
Selections. |
| Language of a work |
English |
| 245 14 - TITLE STATEMENT |
| Title |
The last days of Socrates / |
| Statement of responsibility, etc. |
Plato ; translated by Hugh Tredennick and Harold Tarrant ; introduction and notes by Harold Tarrant. |
| 260 ## - PUBLICATION, DISTRIBUTION, ETC. |
| Place of publication, distribution, etc. |
London ; |
| -- |
New York : |
| Name of publisher, distributor, etc. |
Penguin Books, |
| Date of publication, distribution, etc. |
2003. |
| 300 ## - PHYSICAL DESCRIPTION |
| Extent |
xliv, 256 p. ; |
| Dimensions |
20 cm. |
| 440 #0 - SERIES STATEMENT/ADDED ENTRY--TITLE |
| Title |
Penguin classics |
| 500 ## - GENERAL NOTE |
| General note |
"Reprinted with updated Further reading 2003"--T.p. verso. |
| 504 ## - BIBLIOGRAPHY, ETC. NOTE |
| Bibliography, etc. note |
Includes bibliographical references (p. [207]-251) and index. |
| 505 0# - FORMATTED CONTENTS NOTE |
| Formatted contents note |
Euthyphro -- Apology -- Crito -- Phaedo. |
| 600 00 - SUBJECT ADDED ENTRY--PERSONAL NAME |
| Personal name |
Socrates. |
| 650 ## - SUBJECT ADDED ENTRY--TOPICAL TERM |
| Topical term or geographic name entry element |
Philosophy, Ancient |
| 700 1# - ADDED ENTRY--PERSONAL NAME |
| Personal name |
Tredennick, Hugh. |
| 856 42 - ELECTRONIC LOCATION AND ACCESS |
| Materials specified |
Contributor biographical information |
| Uniform Resource Identifier |
<a href="http://www.loc.gov/catdir/enhancements/fy1204/2003269841-b.html">http://www.loc.gov/catdir/enhancements/fy1204/2003269841-b.html</a> |
| 856 42 - ELECTRONIC LOCATION AND ACCESS |
| Materials specified |
Publisher description |
| Uniform Resource Identifier |
<a href="http://www.loc.gov/catdir/enhancements/fy1204/2003269841-d.html">http://www.loc.gov/catdir/enhancements/fy1204/2003269841-d.html</a> |
| 856 41 - ELECTRONIC LOCATION AND ACCESS |
| Materials specified |
Table of contents only |
| Uniform Resource Identifier |
<a href="http://www.loc.gov/catdir/enhancements/fy1204/2003269841-t.html">http://www.loc.gov/catdir/enhancements/fy1204/2003269841-t.html</a> |
| 906 ## - LOCAL DATA ELEMENT F, LDF (RLIN) |
| a |
7 |
| b |
cbc |
| c |
origcop |
| d |
3 |
| e |
ncip |
| f |
20 |
| g |
y-gencatlg |
| 942 ## - ADDED ENTRY ELEMENTS (KOHA) |
| Source of classification or shelving scheme |
|
| Koha item type |
Book |